Culture Générale - Série 2611 - Statistiques

Statistiques générales
  • Ce quiz a été pris 191 fois
  • Le résultat moyen est 5 sur 10
Statistiques - réponses
Question Réponse % Correct
Selon le dicton "Où mènent tous les chemins " ? Rome
95%
Comment s'appelait Saint-Pétersbourg de 1924 à 1991 ? Léningrad
89%
En quelle année la peine de mort fut elle abolie en France ? 1981
78%
Quel général carthaginois a franchi les Alpes avec des éléphants ? Hannibal
61%
Dans quel pays eut lieu le coup d'état militaire appelé "la révolution des oeillets" en avril 1974 ? Portugal
56%
Qui était considéré comme le plus grand conquérant de l'histoire qui unifia les tribus d'Asie centrale au XIIème siècle ? Gengis Khan
46%
Comment s'appelait Saint-Pétersbourg de 1914 à 1924 ? Pétrograd
32%
Qui était Président de la République française pendant la Grande guerre (1914-1918) ? prénom et nom Raymond Poincaré
26%
De quel pays Monseigneur Makários a t-il été le Président de la République de 1974 à 1977 ? Chypre
21%
Ce mot de 7 lettres peut désigner : un gâteau rond - un insigne - une natte de cheveux macaron
11%
Aucun quiz correspondant
Distribution des résultats
% des personnes avec chaque résultat
Percentile par nombre de réponses
Votre historique - résultats
Vous n’avez pas pris ce quiz